|
|
|
|
| LEADER |
00000ny a22000003n 4500 |
| 005 |
2011060300400.0 |
| 008 |
941228s1994 sp s 000 0 spa c |
| 017 |
|
|
|a Z883-1994
|
| 020 |
|
|
|a 8476982836
|
| 035 |
|
|
|a 1192
|
| 040 |
|
|
|a UMA.CEE
|d vLex
|
| 040 |
|
|
|a UMA.RE
|d vLex
|
| 080 |
|
|
|a 351.79(460)"1985"(094.5)
|
| 090 |
|
|
|c 451
|d 451
|
| 100 |
1 |
|
|a Alcan̕ Martn̕ez, Esperanza
|
| 245 |
1 |
3 |
|a El aprovechamiento privado del agua y su proteccin̤ jurd̕ica
|h [Recurso electrn̤ico]
|c Esperanza Alcan̕ Martn̕ez ; prl̤ogo de Bernardo Moreno Quesada
|
| 256 |
|
|
|a Servicio en ln̕ea
|
| 260 |
|
|
|a Barcelona :
|b Jos ̌Mara̕ Bosch Editor,
|c 1994
|
| 300 |
|
|
|a 285 p. ;
|c 24 cm
|
| 504 |
|
|
|a Bibliogr.: p. 271-278
|
| 506 |
1 |
|
|a Contenido solo disponible en los productos indicados
|d vLex Global
|d vLex Global (Academic Edition, excluding Law Schools)
|d vLex Global (U.S. Academic Edition, Law Schools)
|d vLex Global (U.S. Academic Edition, excluding Law Schools)
|d vLex Global (Academic Edition, Law Schools)
|
| 650 |
0 |
7 |
|a Rǧimen de aguas
|2 Tesauro vLex
|
| 650 |
0 |
7 |
|a Inmobiliario y registral
|2 Tesauro vLex
|
| 650 |
0 |
7 |
|a Aguas
|2 Tesauro vLex
|
| 650 |
0 |
7 |
|a Regulacin̤ del agua
|2 Tesauro vLex
|
| 650 |
0 |
7 |
|a Aprovechamiento de aguas
|2 Tesauro vLex
|
| 710 |
1 |
|
|a Espaą.
|t Ley de aguas, 1985
|
| 740 |
0 |
|
|a vLex Libros (Servicios en ln̕ea)
|
| 856 |
4 |
0 |
|u http://vlex.com/source/1192
|z Acceso restringido
|
| 942 |
|
|
|c BOOK
|
| 999 |
0 |
|
|a Law
|b Barcelona
|